| 000 | 00393nam a2200133Ia 4500 | ||
|---|---|---|---|
| 008 | 231129s1997||||xx |||||||||||||| ||spa|| | ||
| 020 | _a958-94451-2 | ||
| 082 | _aHAJ- 0471 | ||
| 100 | _aMeisel Lanner Roberto | ||
| 245 | 0 | _aLa mesa redonda: un coloquio entre inmortales | |
| 260 | _c1997 | ||
| 264 | _aColombia: Tercer Mundo 1997 | ||
| 942 |
_2ddc _cBKS |
||
| 999 |
_c17614 _d17614 |
||